| 000 -Cabecera (24) |
| Campo de control interno |
00747nam a22002654a 4500 |
| 001 - Número de control |
| Campo de control |
ESSALUD |
| 007 - Tipo material - Descripcion fisica - info general |
| Tipo material |
ta |
| 008 - Códigos de longitud fija (40p) |
| Campo de control de longitud fija |
t2022 pe gr 00| 0 spa d |
| 040 ## - Origen de la Catalogacion |
| Origen de la Catalogacion |
ESSALUD |
| 041 ## - Código de idioma (R) |
| Código de lengua del texto/banda sonora o título independiente (R) |
spa |
| 043 ## - Pais ISO |
| País ISO |
pe |
| 082 ## - Número de la Clasificación |
| Clasificación Dewey |
980.089 |
| Codigo Cutter |
P25 |
| 100 ## - Autor Personal |
| Autor Personal |
Parodi Buendía, Lorenzo Antonio |
| Término indicativo de función (R) |
autor |
| 245 ## - Titulo |
| Titulo |
¿Leyenda blanca o leyenda negra? Crónica sin filias ni fobias sobre lo que aconteció hace 500 años en América |
| 250 ## - Mencion de edicion |
| Mencion de edicion |
1 ed. |
| 260 ## - Editorial |
| Ciudad |
Lima : |
| Nombre de la Editorial |
Grafest, |
| Fecha |
2022 |
| 300 ## - Descripcion |
| Páginas |
136 páginas |
| 650 ## - Temas - Descriptores |
| Temas - Descriptores |
HISTORIA |
| 9 (RLIN) |
44 |
| 650 ## - Temas - Descriptores |
| Temas - Descriptores |
FACTORES SOCIOLÓGICOS |
| 9 (RLIN) |
43840 |
| 650 ## - Temas - Descriptores |
| Temas - Descriptores |
RACISMO |
| 9 (RLIN) |
52905 |
| 650 ## - Temas - Descriptores |
| Temas - Descriptores |
AMÉRICAS |
| 9 (RLIN) |
1997 |
| 650 ## - Temas - Descriptores |
| Temas - Descriptores |
PERÚ |
| 9 (RLIN) |
13 |
| 653 ## - Palabras Claves |
| Palabras Claves |
MESTIZAJE |
| 942 ## - Datos personalizados Koha |
| Tipo de Documento |
Libros |
| Fecha procesamiento |
2026-06-26 |
| Documentalista |
AFC |